| 000 | 01167nji a22002777a 4500 | ||
|---|---|---|---|
| 005 | 20100920114710.0 | ||
| 006 | a|||||r|||||00| 0 | ||
| 007 | sd ammalaaahaa | ||
| 008 | 100830t xxu||||| |||| 00| 0 eng d | ||
| 028 |
_aECLP.5960 _bHis Master's Voice |
||
| 035 | _aGR-03953 | ||
| 040 |
_aSED _cSED |
||
| 100 |
_917455 _aNitin Mukesh |
||
| 245 |
_aPrerana / _csung by Nitin Mukesh...[et.al]; music by Vijay Kumar _h[sound recording] : |
||
| 246 | _aप्रेरणा / नितिन मुकेश द्वारा | ||
| 260 |
_aDum Dum, India _bHis Master's Voice _c1984 |
||
| 300 |
_a1 sound disc [Gramophone Recording]: _banalog, 33 1/3 rpm _c12.5 in. (LP) _fGramophone Record |
||
| 500 | _aBrief Record | ||
| 500 | _aRecord labels :His Master's Voice, Red | ||
| 505 | _aSide-1 Pahle motiyon ki jhalar wala (Nitin Mukesh & Preeti Sagar) -- Side-2 Jee Jee Dulhan Bani (Preeti Sagar, Namita Saga, Moti Sagra & Chorus) | ||
| 600 |
_aNitin Mukesh _920765 |
||
| 650 |
_aFilm songs _zIndia _91186 _xExcerpts |
||
| 700 |
_aKumar, Vijay _920766 |
||
| 942 |
_2ddc _cGR |
||
| 999 |
_c46930 _d46930 |
||